000 00423nam a2200181Ia 4500
001 11358
005 20260306162822.0
008 260306t1971||||xx |||||||||||||| ||spa||
041 _aESP
082 _a985.04
_bA13
100 _aTauro, Alberto
_eAUT
245 0 _aLa abeja republicana 1822-1823
260 _c1971
300 _a119 páginas :
_c18 cm.
650 _aGEN
654 _aCHU
942 _cLIB
_dJUS
_fJUS
_2ddc
_n
999 _c11358
_d11358